000 00678nam a2200289Ia 4500
005 20260324142850.0
008 008 260324s9999 xx 000 0 eng d
020 _a9780203782309
037 _aEBOOK
040 _aCRL
040 _beng
040 _cCRL
041 _2eng
041 _aeng
084 _qCRL
100 _aDonald Hall
_91213521
245 0 _aSexual Aggression
245 0 _bIssues In Etiology, Assessment And Treatment
260 _bTaylor and Francis
260 _c1993
365 _a
365 _b155
856 _uhttp://www.taylorfrancis.com/books/9780203782309
942 _cEBOOK
999 _c1818239
_d1818239